000 00368nam a2200109Ia 4500
008 171204s9999 xx 000 0 und d
245 4 _aThe Hard Hat: 21 Ways To Be A Great Teammate
245 _cJeremy Schaap and Jon Gordon
260 _c2015
650 _xGROUP DYNAMICS WITH TRAINING TECHNIQUES
856 _uhttp://down.ebook777.com/028/TheHarHat21WayToBeAGreTea.pdf
999 _c346442
_d346442